Online
Catalog
Normal view MARC view

Entry Nombre de reunión

Number of records used in: 1

001 - NÚMERO DE CONTROL

  • campo de control: 84538

003 - IDENTIFICADOR DEL NÚMERO DE CONTROL

  • campo de control: DO-SdBNP

005 - FECHA Y HORA DE LA ÚLTIMA TRANSACCIÓN

  • campo de control: 20231026102310.0

008 - DATOS DE LONGITUD FIJA

  • campo de control de longitud fija: 231026|| aca||aabn | a|a d

040 ## - FUENTE DE LA CATALOGACIÓN

  • Centro catalogador/agencia de origen: DO-SdBNP
  • Centro/agencia transcriptor: DO-SdBNP

111 ## - ENCABEZAMIENTO--NOMBRE DE CONGRESO/REUNIÓN

  • Nombre de congreso/reunión o jurisdicción como elemento de entrada: Congreso de Sexualidad Humana "Mujer y Sida".
  • Número del congreso/reunión o número de parte o sección: (5:
  • Fecha del congreso/reunión: 1995:
  • Sede del congreso/Lugar de la reunión: Hotel V Centenario)

670 ## - FUENTE DE DATOS ENCONTRADOS

  • Cita de la fuente: Work cat.: (DO-SdBNP)55290: Congreso de Sexualidad Humana "Mujer y Sida". (5: 1995: Hotel V Centenario), V congreso de sexualidad humana:

Powered by Koha